| 000 | 00597nam a2200205Ia 4500 | ||
|---|---|---|---|
| 008 | 170918s9999 xx 000 0 und d | ||
| 020 | _a9780812966299 | ||
| 050 | _bH145ki 2002 | ||
| 100 | _aHaggard, H. Rider | ||
| 245 | _aKing Solomon's mines / | ||
| 245 | _cby H. Rider Haggard ; introdution by Alexandra Fuller ; illustrations by Walter Paget ; notes by James Danly. | ||
| 260 | _aCanada : | ||
| 260 | _bThe modern library, | ||
| 260 | _c2002 | ||
| 300 | _a264 pages : | ||
| 300 | _billustrations ; | ||
| 300 | _c20cm. | ||
| 300 | _eThe modern library classics. | ||
| 500 | _a1230 | ||
| 999 |
_c343988 _d343988 |
||